| 000 | 00490cam a22001934a 4500 | ||
|---|---|---|---|
| 005 | 20250605164155.0 | ||
| 008 | 250528s ||||||||||||||||||||||||d | ||
| 035 | _a19575 | ||
| 020 | _a9600203086 | ||
| 040 |
_aGR-AtMCL _bgre _dGR-AtMCL _eAACR2 |
||
| 245 | 1 | _aΑΓΡΟΤΙΚΗ ΟΙΚΟΝΟΜΙΚΗ | |
| 250 | _a2 | ||
| 260 |
_bΠαπαζήση, _c1992 |
||
| 300 | _a604 | ||
| 700 | 1 |
_aΘεοφανιδης Σταυρος _95783 |
|
| 942 | _cBK | ||
| 999 |
_c4831 _d4831 |
||